Lehnwörter nach Sprache #2 - Statistiken

Allgemein
  • Dieses Quiz wurde 29 mal gespielt
  • Das Durchschnittsergebnis liegt bei 9 aus 21
Antwortstatistiken
Lehnwort Sprache % Korrekt
Paparazzo Italienisch
89%
Heureka Griechisch
82%
Döner Türkisch
82%
Sauna Finnisch
71%
Geysir Isländisch
71%
Boykott Englisch
64%
Whiskey Gälisch
64%
Haiku Japanisch
64%
Fatwa Arabisch
61%
Pastor Latein
46%
Samowar Russisch
46%
Kiwi Māori
36%
Ski Norwegisch
36%
Safari Swahili
36%
Tacheles Jiddisch
18%
Shampoo Hindi
7%
Revier Niederländisch
7%
Spagat Italienisch
0%
Schmackofatz Polnisch
0%
Jause Slowenisch
0%
Tabu Tongaisch
0%
Keine übereinstimmenden Quizze gefunden
Verteilung der Resultate
Anzahl Personen mit jedem Resultat
Perzentil nach korrekt beantworteten Fragen
Ihre Resultats-Entwicklung
Sie haben dieses Quiz noch nicht gespielt